[Event "Mendoza Bermejo Memorial"]
[Site "Mendoza"]
[Date "2023.05.19"]
[Round "2"]
[White "Luzi, Fernando"]
[Black "Perez Gormaz, Matias Ariel"]
[Result "0-1"]
[WhiteElo "1858"]
[BlackElo "2406"]
[PlyCount "128"]
[EventDate "2023.05.18"]
[EventType "swiss"]
[EventRounds "7"]
[EventCountry "ARG"]
[SourceTitle "CBM 214 Extra"]
[Source "ChessBase"]
[SourceDate "2023.07.31"]
[SourceVersion "1"]
[SourceVersionDate "2023.07.31"]
[SourceQuality "1"]

1. e4 c6 2. d4 d5 3. exd5 cxd5 4. Bd3 Nc6 5. c3 g6 6. Nf3 Bg7 7. Bf4 Nh6 8. Na3 Bf5 9. Bxh6 Bxh6 10. Bxf5 gxf5 11. Nh4 e6 12. Qh5 Qf6 13. Nc2 Rg8 14. g3 f4 15. Qf3 0-0-0 16. Ng2 Qf5 17. Nb4 Nxb4 18. cxb4 Kb8 19. 0-0 Rc8 20. b3 Rc2 21. Ne1 Rd2 22. Kg2 Rxd4 23. b5 Qe4 24. Qxe4 dxe4 25. Nc2 Rd2 26. Na3 fxg3 27. hxg3 Bf4 28. Kh3 Bc7 29. Nc4 Rd5 30. a4 Rd3 31. Rfe1 f5 32. Re3 Rd4 33. Rae1 Rd5 34. f4 Rgd8 35. Kg2 Rd1 36. Kh3 Rxe1 37. Rxe1 Rd3 38. Re3 Rd1 39. Re2 Kc8 40. Kg2 Rb1 41. Re3 Kd7 42. Kf2 Bb6 43. Nxb6+ axb6 44. Rc3 Rb2+ 45. Ke3 Rg2 46. Kd4 Kd6 47. Re3 Rd2+ 48. Kc3 Rf2 49. Kd4 Rd2+ 50. Kc3 Rf2 51. Kd4 h5 52. Kc4 Rc2+ 53. Kd4 Rf2 54. Kc3 Rf3 55. Kd4 Rxe3 56. Kxe3 Kc5 57. Kd2 Kb4 58. Kc2 e3 59. Kd3 Kxb3 60. Kxe3 Kxa4 61. Kd4 Kxb5 62. Ke5 Kc4 63. Kxe6 b5 64. Kxf5 b4 0-1